00879 2200277 4500001002100000005001700021008004100038035002500079040001200104041000800116082001500124090002100139100002400160245014800184250001100332260003200343300005300375500005600428600001400484650002700498850001200525990001600537990001600553990001600569990001600585YOGYA-0213000000027620150420123528.0 ind  a0010-021300000000276 aYOPDYOG aInd aBR 615.852 aBR 615.852 Khu P aKHUDHARIY AS-SY'DIY aPengobatan secara islam : Berisikan doa-doa penyembuh , penolak bala dan benteng diri dari segala mara bahaya dan bencanac/ Khudhariy As-Sydiy aCet. 1 aJombangbLintas mediac2004 a...Volumec30 cm (4 eks) yang diterima vol 1 - 2 aDi brailekan oleh yayasan mitra netra Jakarta, 2004 aRifai N.H aTerapi agama ( islam ) aYOPDYOG a429-BR/B.12 a430-BR/B.12 a431-BR/B.12 a432-BR/B.12